[Event "Waldviertler-ch"]
[Site "Litschau"]
[Date "2005.06.12"]
[Round "5"]
[White "Schmidt, Egon"]
[Black "Wagner, Stefan"]
[Result "0-1"]
[WhiteElo "1817"]
[BlackElo "1786"]
[PlyCount "48"]
[EventDate "2005.06.09"]
[EventType "swiss"]
[EventRounds "5"]
[EventCountry "AUT"]
[SourceTitle "EXT 2006"]
[Source "ChessBase"]
[SourceDate "2005.11.24"]
[SourceVersion "1"]
[SourceVersionDate "2005.11.24"]
[SourceQuality "1"]

1. d4 Nf6 2. Nf3 g6 3. Nbd2 d5 4. e3 Bg7 5. c4 c6 6. Bd3 0-0 7. 0-0 Nbd7 8. Re1 Re8 9. e4 dxe4 10. Nxe4 Nxe4 11. Bxe4 e5 12. Be3 Nf6 13. Bg5 exd4 14. Qb3 Qb6 15. Nd2 Nxe4 16. Qxb6 axb6 17. Nxe4 Kh8 18. Nd6 Rxe1+ 19. Rxe1 Be6 20. a3 d3 21. Rd1 Bxb2 22. Rxd3 Rxa3 23. Bf6+ Kg8 24. Bxb2 Rxd3 0-1

[Event "Schwarzach op-C 18th"]
[Site "Salzburg"]
[Date "2003.08.28"]
[Round "6.5"]
[White "Schmidt, Walter"]
[Black "Schmidt, Egon"]
[Result "1-0"]
[WhiteElo "1599"]
[BlackElo "1534"]
[PlyCount "49"]
[EventDate "2003.08.23"]
[EventType "swiss"]
[EventRounds "9"]
[EventCountry "AUT"]
[SourceTitle "EXT 2004"]
[Source "ChessBase"]
[SourceDate "2003.11.25"]
[SourceVersion "1"]
[SourceVersionDate "2003.11.25"]
[SourceQuality "1"]

1. e4 c5 2. Nf3 Nc6 3. d4 cxd4 4. Nxd4 e6 5. Nc3 a6 6. Be3 Bb4 7. Qd2 Nf6 8. f3 0-0 9. Bg5 h6 10. Bh4 Nxe4 11. Bxd8 Nxd2 12. Nxc6 Bxc3 13. bxc3 Nxf1 14. Bb6 bxc6 15. Rxf1 Rb8 16. Bc5 Re8 17. Kf2 d5 18. Rab1 Bd7 19. Bd6 Rb5 20. a4 Ra5 21. Rb7 Bc8 22. Rb4 c5 23. Rh4 c4 24. Ra1 Rxa4 25. Rxa4 1-0

[Event "Schwarzach op-C 18th"]
[Site "Salzburg"]
[Date "2003.08.27"]
[Round "5.2"]
[White "Schmidt, Egon"]
[Black "Ljubic, Franjo Sr"]
[Result "0-1"]
[WhiteElo "1534"]
[BlackElo "1615"]
[PlyCount "76"]
[EventDate "2003.08.23"]
[EventType "swiss"]
[EventRounds "9"]
[EventCountry "AUT"]
[SourceTitle "EXT 2004"]
[Source "ChessBase"]
[SourceDate "2003.11.25"]
[SourceVersion "1"]
[SourceVersionDate "2003.11.25"]
[SourceQuality "1"]

1. d4 d5 2. Bf4 Nf6 3. e3 e6 4. c4 Bb4+ 5. Nc3 c5 6. dxc5 Qa5 7. Qc2 Ne4 8. Nge2 Bd7 9. 0-0-0 Nxf2 10. Nd4 Nxd1 11. Kxd1 Bxc3 12. bxc3 Qa4 13. Qxa4 Bxa4+ 14. Kd2 Nd7 15. Bd6 Rc8 16. cxd5 exd5 17. Bb5 Bxb5 18. Nxb5 Nxc5 19. Nc7+ Kd7 20. Bxc5 Rxc7 21. Bd4 f6 22. Rb1 b6 23. Rb5 Kc6 24. a4 Rb7 25. Rb2 Rhb8 26. Kd3 b5 27. a5 a6 28. Rb4 Kd6 29. Ke2 Rc8 30. Kf3 Rc4 31. Rb3 b4 32. Rb2 Rb5 33. Ke2 bxc3 34. Rxb5 axb5 35. a6 Kc6 36. Kd1 Rxd4+ 37. exd4 Kb6 38. Kc2 b4 0-1

[Event "Schwarzach op-C 18th"]
[Site "Salzburg"]
[Date "2003.08.26"]
[Round "4.3"]
[White "Wirnitzer, Wilhelm"]
[Black "Schmidt, Egon"]
[Result "0-1"]
[WhiteElo "1646"]
[BlackElo "1534"]
[PlyCount "44"]
[EventDate "2003.08.23"]
[EventType "swiss"]
[EventRounds "9"]
[EventCountry "AUT"]
[SourceTitle "EXT 2004"]
[Source "ChessBase"]
[SourceDate "2003.11.25"]
[SourceVersion "1"]
[SourceVersionDate "2003.11.25"]
[SourceQuality "1"]

1. c4 Nf6 2. Nc3 e6 3. Nf3 d5 4. cxd5 exd5 5. e3 Be6 6. g3 Bd6 7. Bg2 0-0 8. 0-0 Nbd7 9. b3 c6 10. Bb2 Rc8 11. Rc1 Bf5 12. d3 Nc5 13. Ne1 Re8 14. b4 Ne6 15. e4 dxe4 16. dxe4 Bg6 17. Qa4 Qb6 18. Nc2 Ng5 19. a3 Nfxe4 20. Nxe4 Nxe4 21. Rcd1 Be5 22. Bc1 Nc3 0-1